<?xml version="1.0" encoding="UTF-8"?>
<record
    xmlns:xsi="http://www.w3.org/2001/XMLSchema-instance"
    xsi:schemaLocation="http://www.loc.gov/MARC21/slim http://www.loc.gov/standards/marcxml/schema/MARC21slim.xsd"
    xmlns="http://www.loc.gov/MARC21/slim">

  <leader>02031nam a2200301 i 4500</leader>
  <controlfield tag="003">DO-SdBNP</controlfield>
  <controlfield tag="005">20250812082418.0</controlfield>
  <controlfield tag="007">ta</controlfield>
  <controlfield tag="008">250811t2025    dr            000 0 spa d</controlfield>
  <datafield tag="020" ind1=" " ind2=" ">
    <subfield code="z">9789945656374</subfield>
  </datafield>
  <datafield tag="040" ind1=" " ind2=" ">
    <subfield code="a">DO-SdBNP</subfield>
    <subfield code="b">spa</subfield>
    <subfield code="c">BNPHU</subfield>
    <subfield code="e">rda</subfield>
  </datafield>
  <datafield tag="041" ind1=" " ind2=" ">
    <subfield code="a">spa</subfield>
  </datafield>
  <datafield tag="082" ind1=" " ind2=" ">
    <subfield code="a">xxxx</subfield>
    <subfield code="b">D346</subfield>
    <subfield code="2">22</subfield>
  </datafield>
  <datafield tag="100" ind1="1" ind2=" ">
    <subfield code="a">De Le&#xF3;n D&#xED;az, Estherlyn Leidy</subfield>
    <subfield code="d">1996-</subfield>
    <subfield code="e">autora</subfield>
    <subfield code="4">aut.</subfield>
    <subfield code="9">26602</subfield>
  </datafield>
  <datafield tag="245" ind1="1" ind2="0">
    <subfield code="a">Cuando nadie me ve /</subfield>
    <subfield code="c">Estherlyn Leidy De Le&#xF3;n D&#xED;az</subfield>
  </datafield>
  <datafield tag="250" ind1=" " ind2=" ">
    <subfield code="a">Primera edici&#xF3;n</subfield>
  </datafield>
  <datafield tag="264" ind1=" " ind2="1">
    <subfield code="a">Santo Domingo :</subfield>
    <subfield code="b">Editorial Santuario,</subfield>
    <subfield code="c">2025.</subfield>
  </datafield>
  <datafield tag="300" ind1=" " ind2=" ">
    <subfield code="a">50 p&#xE1;ginas</subfield>
    <subfield code="c">24 cm.</subfield>
  </datafield>
  <datafield tag="336" ind1=" " ind2=" ">
    <subfield code="a">texto</subfield>
    <subfield code="b">txt</subfield>
    <subfield code="2">rdacontent</subfield>
  </datafield>
  <datafield tag="337" ind1=" " ind2=" ">
    <subfield code="a">sin mediaci&#xF3;n</subfield>
    <subfield code="b">n</subfield>
    <subfield code="2">rdamedia</subfield>
  </datafield>
  <datafield tag="338" ind1=" " ind2=" ">
    <subfield code="a">volumen</subfield>
    <subfield code="b">nc</subfield>
    <subfield code="2">rdacarrier</subfield>
  </datafield>
  <datafield tag="500" ind1=" " ind2=" ">
    <subfield code="a">Incluye datos biogr&#xE1;ficos de la autora en la solapa de la cubierta.</subfield>
  </datafield>
  <datafield tag="505" ind1="2" ind2=" ">
    <subfield code="t">Palabras de la autora --</subfield>
    <subfield code="t">Sinopsis --</subfield>
    <subfield code="t">Pr&#xF3;logo --</subfield>
    <subfield code="t">Dedicatoria --</subfield>
    <subfield code="g">Cap&#xED;tulo I -- </subfield>
    <subfield code="t">Cuando respirar duele --</subfield>
    <subfield code="g">Cap&#xED;tulo II --</subfield>
    <subfield code="t">El disfraz de "Todo va bien" --</subfield>
    <subfield code="g">Cap&#xED;tulo III --</subfield>
    <subfield code="t">ruidos por dentro --</subfield>
    <subfield code="g">Cap&#xED;tulo IV --</subfield>
    <subfield code="t">Los "Y si..." que no te dejan vivir --</subfield>
    <subfield code="g">Cap&#xED;tulo V --</subfield>
    <subfield code="t">La noche: ese monstruo que no duerme --</subfield>
    <subfield code="g">Cap&#xED;tulo VI --</subfield>
    <subfield code="t">Gente rota que sonr&#xED;e en fotos -- </subfield>
    <subfield code="g">Cap&#xED;tulo VII --</subfield>
    <subfield code="t">No quiero que me vean as&#xED; -- </subfield>
    <subfield code="g">Cap&#xED;tulo VIII --</subfield>
    <subfield code="t">Romperse tambi&#xE9;n es avanzar -- </subfield>
    <subfield code="g">Cap&#xED;tulo IX --</subfield>
    <subfield code="t">Las peque&#xF1;as salidas --</subfield>
    <subfield code="g">Cap&#xED;tulo X --</subfield>
    <subfield code="t">Cuando por fin me vi -- </subfield>
    <subfield code="t">Carta al lector /</subfield>
  </datafield>
  <datafield tag="520" ind1=" " ind2=" ">
    <subfield code="a">Cuando nadie me ve no es un libro de autoayuda al uso. Es una experiencia emocional. Una herida abierta que aprendi&#xF3; a hablar. Una linterna encendida en medio del silencio que muchos han aprendido a callar. Aqu&#xED; no encontrar&#xE1;s f&#xF3;rmulas m&#xE1;gicas ni frases hechas. Encontrar&#xE1;s historias que parecen contadas por tu propio cuerpo. Cap&#xED;tulos que duelen, pero que tambi&#xE9;n abrazan. Y herramientas reales para cuando el pecho aprieta, la mente se acelera, y nadie parece entenderte. &#x201C;Este libro no te salva, te acompa&#xF1;a. Y, a veces, eso lo es todo.&#x201D;</subfield>
  </datafield>
  <datafield tag="590" ind1=" " ind2=" ">
    <subfield code="a">Inventariado, 2025/ YL</subfield>
  </datafield>
  <datafield tag="910" ind1=" " ind2=" ">
    <subfield code="a">YLockward</subfield>
  </datafield>
  <datafield tag="942" ind1=" " ind2=" ">
    <subfield code="2">ddc</subfield>
    <subfield code="c">LF2</subfield>
  </datafield>
  <datafield tag="952" ind1=" " ind2=" ">
    <subfield code="0">0</subfield>
    <subfield code="1">0</subfield>
    <subfield code="2">ddc</subfield>
    <subfield code="5">1</subfield>
    <subfield code="7">0</subfield>
    <subfield code="8">PD-F</subfield>
    <subfield code="a">BNPHU</subfield>
    <subfield code="b">BNPHU</subfield>
    <subfield code="c">CT</subfield>
    <subfield code="d">2025-08-04</subfield>
    <subfield code="e">Deposito Legal, Editorial Santuario</subfield>
    <subfield code="l">0</subfield>
    <subfield code="o">BNPHU F-PD xxxx D346</subfield>
    <subfield code="p">2025-8249</subfield>
    <subfield code="r">2025-08-11</subfield>
    <subfield code="w">2025-08-11</subfield>
    <subfield code="y">LF2</subfield>
  </datafield>
  <datafield tag="952" ind1=" " ind2=" ">
    <subfield code="0">0</subfield>
    <subfield code="1">0</subfield>
    <subfield code="2">ddc</subfield>
    <subfield code="5">1</subfield>
    <subfield code="7">0</subfield>
    <subfield code="8">PD-F</subfield>
    <subfield code="a">BNPHU</subfield>
    <subfield code="b">BNPHU</subfield>
    <subfield code="c">CT</subfield>
    <subfield code="d">2025-08-04</subfield>
    <subfield code="e">Deposito Legal, Editorial Santuario</subfield>
    <subfield code="l">0</subfield>
    <subfield code="o">BNPHU F-PD xxxx D346</subfield>
    <subfield code="p">2025-8250</subfield>
    <subfield code="r">2025-08-11</subfield>
    <subfield code="t">e. 2</subfield>
    <subfield code="w">2025-08-11</subfield>
    <subfield code="y">LF2</subfield>
  </datafield>
  <datafield tag="952" ind1=" " ind2=" ">
    <subfield code="0">0</subfield>
    <subfield code="1">0</subfield>
    <subfield code="2">ddc</subfield>
    <subfield code="5">6</subfield>
    <subfield code="7">0</subfield>
    <subfield code="8">DS</subfield>
    <subfield code="a">BNPHU</subfield>
    <subfield code="b">BNPHU</subfield>
    <subfield code="c">CT</subfield>
    <subfield code="d">2025-08-04</subfield>
    <subfield code="e">Deposito Legal, Editorial Santuario</subfield>
    <subfield code="l">0</subfield>
    <subfield code="o">BNPHU F-DS xxxx D346</subfield>
    <subfield code="p">2025-8251</subfield>
    <subfield code="r">2025-08-11</subfield>
    <subfield code="t">e. 3</subfield>
    <subfield code="w">2025-08-11</subfield>
    <subfield code="y">LF2</subfield>
  </datafield>
  <datafield tag="999" ind1=" " ind2=" ">
    <subfield code="c">59760</subfield>
    <subfield code="d">59760</subfield>
  </datafield>
</record>
